000 00557nam a22001937a 4500
003 OSt
005 20180116183032.0
008 151222b xxu||||| |||| 00| 0 eng d
020 _a05-466-93-1
024 _205-466-93-1
040 _cLahore LUMS
082 _a 174.4 LUM 1993
100 _aQureshi Z I
245 _aPERSONNEL MANAGEMENT- AMMAR TEXTILE (B)
_cQureshi Z I
260 _aLahore LUMS
_b Lahore University of Management Sciences
_c1993
300 _a04 p.
_bPapers
440 _aPERSONNEL MANAGEMENT- AMMAR TEXTILE (B)
942 _2ddc
_cCS
999 _c351070
_d351070